000 02927cam a2200349 a 4500
003 EG-GiCUC
005 20250223032433.0
008 191109s2019 ua do f m 000 0 eng d
040 _aEG-GiCUC
_beng
_cEG-GiCUC
041 0 _aeng
049 _aDeposite
097 _aM.Sc
099 _aCai01.21.04.M.Sc.2019.Mo.E
100 0 _aMohamed Mokhtar Fathy Mohamed
245 1 0 _aEffect of radiofrequency and ultrasound cavitation on fatty liver in obese pre menopausal women /
_cMohamed Mokhtar Fathy Mohamed ; Supervised Khadyga Sayed Abdelaziz , Amir Araby Gabr , Engy Mohamed Ibrahim Elnahas
246 1 5 _aتأثير موجات الراديو والموجات فوق الصوتية على الكبد الدهنى فى السيدات البدينات قبل انقطاع الطمث
260 _aCairo :
_bMohamed Mokhtar Fathy Mohamed ,
_c2019
300 _a87 P. :
_bcharts , photoghraphs ;
_c25cm
502 _aThesis (M.Sc.) - Cairo University - Faculty of Physical Therapy - Department of Physical Therapy for Gynecology and Obstetrics
520 _aThis study was conducted to investigate the effect of radiofrequency and ultrasound cavitation on fatty liver in obese premenopausal women. This study carried out on thirty obese pre menopausal women with fatty liver. They were assigned into two equal groups(A and B). (Group A) received multipolar radiofrequency and ultrasonic cavitation for 40 minutes per session, two times per week for 4 weeks, in addition to caloric restricted diet. (Group B) followed caloric restricted diet only. All subject were assessed pre and post treatment through measuring body mass index, waist circumference , GOT and GPT levels and degree of fatty liver. The results of this study showed that there was a significant decrease in the BMI,WC, GOT and GPT levels within the group A and B post treatment compared with pre treatment. But there was no significant difference in fatty liver within both groups A and B post treatment compared with pretreatment. also there was a non significant difference in BMI, GOT, GPT levels and degree of fatty liver between both groups ( A & B ) pre and post treatment. There was a non statistical significant difference in Waist Circumference between both groups ( A & B ) pre treatment. while, there was a significant difference post treatment So , it could be concluded that combined US cavitation and radiofrequency and restricted diet plan improve body mass index, waist circumference, GOT and GPT levels only
530 _aIssued also as CD
653 4 _aFatty liver
653 4 _aRadiofrequency
653 4 _aUltrasound cavitation
700 0 _aAmir Araby Gabr ,
_eSupervisor
700 0 _aEngy Mohamed Ibrahim Elnahas ,
_eSupervisor
700 0 _aKhadyga Sayed Abdelaziz ,
_eSupervisor
856 _uhttp://172.23.153.220/th.pdf
905 _aNazla
_eRevisor
905 _aShimaa
_eCataloger
942 _2ddc
_cTH
999 _c75068
_d75068